Statistics for Islands/Municipalities of Tuvalu with a Map

Click here to take the quiz!

General Stats

  • This quiz has been taken 458 times
  • The average score is 4 of 9

Answers on the Map

Answers color-coded by a green-red scale on the quiz's map according to % correct below.
 

Answer Stats

Municipality% Correct
Funafuti
97%
Nui
48%
Vaitupu
43%
Nanumanga
41%
Nanumea
41%
Niulakita
38%
Niutao
38%
Nukulaelae
38%
Nukufetau
34%

Score Distribution

Percentile by Number Answered

Percent of People with Each Score

Your Score History

You have not taken this quiz